NBA Champions Quiz 1980-2025 - Statistics

General Stats
  • This quiz has been taken 29 times
  • The average score is 40 of 46
Answer Stats
Hint Answer % Correct
2024 Boston Celtics
100%
2016 Cleveland Cavaliers
100%
2023 Denver Nuggets
100%
2018 Golden State Warriors
100%
2017 Golden State Warriors
100%
2020 Los Angeles Lakers
100%
2013 Miami Heat
100%
2012 Miami Heat
100%
2021 Milwaukee Bucks
100%
2025 Oklahoma City Thunder
100%
2014 San Antonio Spurs
100%
2019 Toronto Raptors
100%
2011 Dallas Mavericks
95%
2022 Golden State Warriors
95%
2015 Golden State Warriors
95%
2010 Los Angeles Lakers
95%
2008 Boston Celtics
90%
1998 Chicago Bulls
90%
1997 Chicago Bulls
90%
1996 Chicago Bulls
90%
1993 Chicago Bulls
90%
1992 Chicago Bulls
90%
1991 Chicago Bulls
90%
2004 Detroit Pistons
86%
1995 Houston Rockets
86%
2009 Los Angeles Lakers
86%
2002 Los Angeles Lakers
86%
2001 Los Angeles Lakers
86%
2000 Los Angeles Lakers
86%
1990 Detroit Pistons
81%
2007 San Antonio Spurs
81%
2003 San Antonio Spurs
81%
1989 Detroit Pistons
76%
1994 Houston Rockets
76%
1988 Los Angeles Lakers
76%
1987 Los Angeles Lakers
76%
1982 Los Angeles Lakers
76%
1980 Los Angeles Lakers
76%
2006 Miami Heat
76%
1986 Boston Celtics
71%
1981 Boston Celtics
71%
1985 Los Angeles Lakers
71%
2005 San Antonio Spurs
71%
1999 San Antonio Spurs
71%
1984 Boston Celtics
67%
1983 Philadelphia 76ers
62%
No matching quizzes found
Score Distribution
Percent of People with Each Score
Percentile by Number Answered
Your Score History
You have not taken this quiz